Sports Quiz

Random Sports or Baseball Quiz

Baseball Pinstripes Quiz Stats

 Plays Quiz not verified by Sporcle

Score 0/11 Timer 01:00
0 Plays Today
League % Correct
ALYankees
99.1%
NLCubs
79.8%
ALWhite Sox
79.6%
NLPhillies
79.2%
NLMets
75.8%
NLRockies
74.7%
NLMarlins
68.6%
ALTwins
65.6%
NLAstros
62.7%
NLPirates
53.2%
NLBrewers
21.8%

You're not logged in!

Compare scores with friends on all Sporcle quizzes.
OR
Log In

Show Comments

Extras

Created Oct 17, 2010ReportNominate
Tags:Baseball Quiz, uniform

Top Quizzes Today


Score Distribution

Your Account Isn't Verified!

In order to create a playlist on Sporcle, you need to verify the email address you used during registration. Go to your Sporcle Settings to finish the process.

Report this User

Report this user for behavior that violates our Community Guidelines.

Details: